Infant psychiatry: an introductory textbook

Saved in:  
Bibliographic Details
Main Author: Minde, Klaus (Author)
Contributors: Minde, Renate (Other) ; Minde, Regina (Other)
Format: Print Book
Language:English
Published: Beverly Hills [u.a.] Sage 1986
In: Developmental clinical psychology and psychiatry (4)
Year: 1986
Edition:1. print
Online Access: Publisher description
Table of contents
Availability in Tübingen:Present in Tübingen.
UB: KB 18 A 911
Check availability: HBZ Gateway
Subito Delivery Service: Order now.
Keywords:

MARC

LEADER 00000cam a2200000 c 4500
001 1650956746
003 DE-627
005 20251225205736.0
007 tu
008 870224s1986 xxu||||| 00| ||eng c
020 |a 0803925190  |9 0-8039-2519-0 
020 |a 0803925204  |c (pbk.)  |9 0-8039-2520-4 
035 |a (DE-627)1650956746 
035 |a (DE-576)020932480 
035 |a (DE-599)BSZ020932480 
035 |a (OCoLC)12217139 
035 |a (OCoLC)311281941 
035 |a (DE-604)805273448x 
040 |a DE-627  |b ger  |c DE-627  |e rakwb 
041 |a eng 
044 |c XD-US  |c XA-GB  |c XB-IN 
050 0 |a RJ502.5 
060 0 |a W1 DE997NC v. 4 
060 0 |a WS 350 M663i 
082 0 |a 618.9289 
082 0 |a 618.92/89  |q OCLC 
100 1 |a Minde, Klaus  |4 aut 
245 1 0 |a Infant psychiatry  |b an introductory textbook  |c Klaus Minde; Renate Minde 
250 |a 1. print 
264 1 |a Beverly Hills [u.a.]  |b Sage  |c 1986 
300 |a 197 S 
336 |a Text  |b txt  |2 rdacontent 
337 |a ohne Hilfsmittel zu benutzen  |b n  |2 rdamedia 
338 |a Band  |b nc  |2 rdacarrier 
490 1 |a Developmental clinical psychology and psychiatry  |v 4 
583 1 |a Archivierung prüfen  |c 20200919  |f DE-640  |z 2  |2 pdager 
583 1 |a Archivierung prüfen  |c 20240324  |f DE-4165  |z 1  |2 pdager 
650 0 |a Infant psychiatry 
689 0 0 |d s  |0 (DE-588)4529955-9  |0 (DE-627)254713033  |0 (DE-576)21339104X  |a Kinderpsychiatrie  |2 gnd 
689 0 |5 (DE-627) 
700 1 |a Minde, Renate  |4 oth 
700 1 |a Minde, Regina  |4 oth 
830 0 |a Developmental clinical psychology and psychiatry  |v 4  |9 4  |w (DE-627)302722432  |w (DE-576)012276057  |w (DE-600)1492285-X  |7 am 
856 4 2 |u http://www.loc.gov/catdir/enhancements/fy0654/85014231-d.html  |x Verlag  |y Publisher description  |7 1 
856 4 2 |u http://www.loc.gov/catdir/enhancements/fy0654/85014231-t.html  |x Verlag  |y Table of contents  |7 1 
889 |w (DE-627)021528268 
935 |i mdedup 
951 |a BO 
ELC |b 1 
LOK |0 000 xxxxxcx a22 zn 4500 
LOK |0 001 3340452563 
LOK |0 003 DE-627 
LOK |0 004 1650956746 
LOK |0 005 19900709000000 
LOK |0 008 900709||||||||||||||||ger||||||| 
LOK |0 040   |a DE-21  |c DE-627  |d DE-21 
LOK |0 852   |a DE-21 
LOK |0 852 1  |c KB 18 A 911  |9 00 
LOK |0 935   |a krim 
LOK |0 936ln  |a k1 
LOK |0 939   |a 09-07-90  |b l01 
ORI |a SA-MARC-krimdoka001.raw 
SIG |a UB: KB 18 A 911